| 000 | 00365nam a22001337a 4500 | ||
|---|---|---|---|
| 020 | _a0-07--19238-3 | ||
| 082 | _a621.38173 ELL'P | ||
| 100 |
_aELLICOT, D. J _974608 |
||
| 245 | _aINTEGRATED CIRCUITS FABRICATION TECHNOLOGY | ||
| 260 |
_aNEWYORK _bMCGRAW HILL _c1982 |
||
| 300 | _a405P | ||
| 650 |
_aINTEGRATED CIRCUITS DESIGN AND CONSTRUCTION _966679 |
||
| 942 | _cBK | ||
| 999 |
_c580121 _d580121 |
||